Vanderbilt law review

Detalles Bibliográficos
Autor Corporativo: Vanderbilt University. School of Law
Formato: Desconocido
Lenguaje:inglés
Publicado: [Nashville, Tenn.] : Vanderbilt University School of Law
Materias:
Acceso en línea:Acceso restringido

MARC

LEADER 00000ny a22000003n 4500
005 20110512144940.0
008 751101c19479999tnubx p sg 0 a0eng d
022 |a 0042-2533 
035 |a 4059 
040 |a MnMULS  |c MnMULS  |d vLex 
090 |c 1811  |d 1811 
245 0 0 |a Vanderbilt law review  |h [Recurso electrn̤ico] 
256 |a Servicio en ln̕ea 
260 |a [Nashville, Tenn.] :  |b Vanderbilt University School of Law 
310 |a Frecuencias varias 
506 1 |a Contenido solo disponible en los productos indicados  |d vLex Global  |d vLex Global (Academic Edition, excluding Law Schools)  |d vLex Global (U.S. Academic Edition, excluding Law Schools) 
650 0 4 |a Derecho  |x Publicaciones perid̤icas 
710 2 |a Vanderbilt University.  |b School of Law 
740 |a vLex Revista (Servicios en ln̕ea) 
843 |a Electrn̤ica. Abierta 
853 |8 1  |i (year)  |j (month)  |k (day) 
856 4 0 |u http://vlex.com/source/4059  |z Acceso restringido 
942 |c REV